000 00535nam a22001937a 4500
999 _c5644
_d5644
003 OSt
005 20190108130412.0
008 180922b ||||| |||| 00| 0 eng d
020 _a1577940628
020 _a0892745908
040 _cDLC
082 _a242.8
_bL566P
100 _aCopeland, Germaine
245 _aPrayers that avail much for women :
_bJames 5:16 Volume One/
_cBy Anthony D.Leninger.
260 _aOklahoma :
_bHarrison House Inc.,
_cc1989.
300 _a190 p.:
650 _aPrayers
_xChristian Life
942 _2ddc
_cBK